Sports Quiz

Random Sports or NFL Quiz
Score 0/180 Timer 08:00
0 Plays Today
Hint Answer % Correct
Passing TDsPeyton Manning/Daunte Culpepper
99.1%
Pass Completion (%)Matt Ryan/Peyton Manning
99.1%
Passer RatingPeyton Manning
99.1%
Passing YardsPeyton Manning
99.1%
Passing YardsPeyton Manning
99.1%
Passing YardsPeyton Manning
99.1%
Passing TDsPeyton Manning
99.1%
Passing TDsPeyton Manning
99.1%
Passing TDsPeyton Manning
99.1%
Passer RatingPeyton Manning
99.1%
Passer RatingPeyton Manning
99.1%
Pass Completion (%)Peyton Manning
99.1%
Passing YardsDrew Brees/Ben Roethlisberger
98.6%
Passing YardsTom Brady
98.5%
Passing YardsTom Brady
98.5%
Passing TDsTom Brady
98.5%
Passing TDsTom Brady
98.5%
Passing TDsTom Brady
98.5%
Passer RatingTom Brady
98.5%
Passer RatingTom Brady
98.5%
Pass Completion (%)Tom Brady
98.5%
Passing YardsDrew Brees
98.3%
Passing YardsDrew Brees
98.3%
Passing YardsDrew Brees
98.3%
Passing YardsDrew Brees
98.3%
Passing TDsDrew Brees
98.3%
Passing TDsDrew Brees
98.3%
Passing TDsDrew Brees
98.3%
Passing TDsDrew Brees/Philip Rivers
98.3%
Passer RatingDrew Brees
98.3%
Pass Completion (%)Drew Brees
98.3%
Pass Completion (%)Drew Brees
98.3%
Pass Completion (%)Drew Brees
98.3%
Passing TDsJoe Montana/Terry Bradshaw/Dan Fouts
94.6%
Passing TDsJoe Montana
92.4%
Passer RatingJoe Montana
92.4%
Passer RatingJoe Montana
92.4%
Pass Completion (%)Joe Montana
92.4%
Pass Completion (%)Joe Montana
92.4%
Pass Completion (%)Joe Montana
92.4%
Pass Completion (%)Joe Montana
92.4%
Pass Completion (%)Joe Montana
92.4%
Passing YardsDan Marino
91.4%
Passing YardsDan Marino
91.4%
Passing YardsDan Marino
91.4%
Passing YardsDan Marino
91.4%
Passing YardsDan Marino
91.4%
Passing TDsDan Marino
91.4%
Passing TDsDan Marino
91.4%
Passing TDsDan Marino
91.4%
Passer RatingDan Marino
91.4%
Passing TDsSteve Young
91.3%
Passing TDsSteve Young
91.3%
Passing TDsSteve Young
91.3%
Passing TDsSteve Young
91.3%
Passer RatingSteve Young
91.3%
Passer RatingSteve Young
91.3%
Passer RatingSteve Young
91.3%
Passer RatingSteve Young
91.3%
Passer RatingSteve Young
91.3%
Hint Answer % Correct
Passer RatingSteve Young
91.3%
Pass Completion (%)Steve Young
91.3%
Pass Completion (%)Steve Young
91.3%
Pass Completion (%)Steve Young
91.3%
Pass Completion (%)Steve Young
91.3%
Pass Completion (%)Steve Young
91.3%
Passer RatingAaron Rodgers
91.1%
Passer RatingAaron Rodgers
91.1%
Pass Completion (%)Brett Favre/Steve Beuerlein
90.7%
Passing YardsBrett Favre
90.5%
Passing YardsBrett Favre
90.5%
Passing TDsBrett Favre
90.5%
Passing TDsBrett Favre
90.5%
Passing TDsBrett Favre
90.5%
Passing TDsBrett Favre
90.5%
Passing YardsPhilip Rivers
87%
Passer RatingPhilip Rivers
87%
Pass Completion (%)Philip Rivers
87%
Passing TDsTerry Bradshaw
83.8%
Passing YardsJohn Elway
81.6%
Passing YardsDaunte Culpepper
80.8%
Passing YardsDan Fouts
80.2%
Passing YardsDan Fouts
80.2%
Passing YardsDan Fouts
80.2%
Passing YardsDan Fouts
80.2%
Passing TDsDan Fouts
80.2%
Pass Completion (%)Dan Fouts
80.2%
Passing YardsKurt Warner
80%
Passing TDsKurt Warner
80%
Passing TDsKurt Warner
80%
Passer RatingKurt Warner
80%
Passer RatingKurt Warner
80%
Pass Completion (%)Kurt Warner
80%
Pass Completion (%)Kurt Warner
80%
Pass Completion (%)Kurt Warner
80%
Pass Completion (%)Troy Aikman
76.8%
Passing TDsAndrew Luck
74.8%
Passer RatingTony Romo
73.4%
Pass Completion (%)Tony Romo
73.4%
Passing TDsRoman Gabriel/Roger Staubach
71.4%
Passing YardsWarren Moon
71.2%
Passing YardsWarren Moon
71.2%
Passing TDsWarren Moon
71.2%
Passer RatingRoger Staubach
70.7%
Passer RatingRoger Staubach
70.7%
Passer RatingRoger Staubach
70.7%
Passer RatingRoger Staubach
70.7%
Passing TDsJim Kelly
67.9%
Passer RatingJim Kelly
67.9%
Pass Completion (%)Jim Kelly
67.9%
Pass Completion (%)Wade Wilson
66.9%
Passing TDsJoe Namath/Billy Kilmer
64.9%
Passing TDsJoe Ferguson/Fran Tarkenton
64.8%
Passing YardsRich Gannon
64.6%
Passing YardsFran Tarkenton
63.8%
Pass Completion (%)Fran Tarkenton
63.8%
Pass Completion (%)Fran Tarkenton
63.8%
Passing YardsDrew Bledsoe
63.6%
Passing YardsJoe Namath
63.5%
Passer RatingRandall Cunningham
62.9%
Hint Answer % Correct
Passing TDsCarson Palmer
61.7%
Pass Completion (%)Carson Palmer
61.7%
Passer RatingSteve McNair
61.4%
Passer RatingBoomer Esiason
59.2%
Passing YardsMatt Schaub
58.1%
Passing TDsKen Stabler
58.1%
Passing TDsKen Stabler
58.1%
Passer RatingKen Stabler
58.1%
Pass Completion (%)Ken Stabler
58.1%
Pass Completion (%)Ken Stabler
58.1%
Passing YardsKen Anderson
57.1%
Passing YardsKen Anderson
57.1%
Passer RatingKen Anderson
57.1%
Passer RatingKen Anderson
57.1%
Passer RatingKen Anderson
57.1%
Passer RatingKen Anderson
57.1%
Pass Completion (%)Ken Anderson
57.1%
Pass Completion (%)Ken Anderson
57.1%
Pass Completion (%)Ken Anderson
57.1%
Passing TDsBob Griese
52.9%
Passer RatingBob Griese
52.9%
Pass Completion (%)Bob Griese
52.9%
Passer RatingBrian Griese
52.8%
Pass Completion (%)Brian Griese
52.8%
Passing YardsSteve Beuerlein
46.7%
Passer RatingNick Foles
45.9%
Passing YardsRoman Gabriel
42.8%
Passer RatingChad Pennington
42.7%
Pass Completion (%)Chad Pennington
42.7%
Pass Completion (%)Chad Pennington
42.7%
Passing TDsSteve Grogan/Brian Sipe
42.5%
Passing YardsBert Jones
41.8%
Passing YardsMark Brunell
41.3%
Passing TDsJim Everett
40.3%
Passing TDsJim Everett
40.3%
Passer RatingBrian Sipe
39.2%
Passing YardsJeff George
38.9%
Passer RatingBilly Kilmer
38.2%
Passing YardsJoe Ferguson
38%
Pass Completion (%)Dave Krieg
37.8%
Passer RatingKen O'Brien
34.1%
Passing YardsNeil Lomax
32.2%
Passer RatingJim Harbaugh
30.6%
Passer RatingTommy Kramer
29%
Pass Completion (%)David Carr
28.8%
Passing YardsJohn Hadl
27.7%
Passing TDsJohn Hadl
27.7%
Pass Completion (%)Sonny Jurgensen
27.6%
Passing TDsSteve Bartkowski
25.8%
Passer RatingSteve Bartkowski
25.8%
Pass Completion (%)Steve Bartkowski
25.8%
Passing YardsLynn Dickey
25.1%
Passing TDsLynn Dickey
25.1%
Passing YardsDon Majkowski
24.2%
Passing YardsJohn Brodie
24.1%
Passing TDsJohn Brodie
24.1%
Passer RatingJohn Brodie
24.1%
Pass Completion (%)Norm Snead
11.4%
Pass Completion (%)Virgil Carter
10%
Pass Completion (%)Eric Hipple
4.8%
Remove Ads.
Support Sporcle.
Get the best of Sporcle when you Go Orange. This ad-free experience offers more features, more stats, and more fun while also helping to support Sporcle. Thank you for becoming a member.

You're not logged in!

Compare scores with friends on all Sporcle quizzes.
OR
Log In

Show Comments

Extras

Top Quizzes Today


Score Distribution

Your Account Isn't Verified!

In order to create a playlist on Sporcle, you need to verify the email address you used during registration. Go to your Sporcle Settings to finish the process.

Report this User

Report this user for behavior that violates our Community Guidelines.

Details: